000 01266nam a22002417a 4500
005 2010080900210.0
010 _aHIN-90074
020 _c100.00
_a9788190706094
035 _aHN-62420
037 _bDBAD / PUB
082 _a230
100 _aरज़ी अहमद कमाल
_99098
245 _aभारत के विशेष धर्मों का अध्ययन /
_cरज़ी अहमद कमाल;मुहम्मद राशिद़ द्वारा अनुवादित
246 _aBharat Ke Vishesh Dharmon Ka Adhyayan
_bby Razi Ahmed Kamal;Translated by Muhammad Rashid
260 _aनई दिल्ली
_bअल हसनात बुक्स
_c2009
270 _a3004/2, सर सय्यद अहमद रोड़, दरियागंज
_bनई दिल्ली
_e110002
_k011-23271845, 41563256
_malhasanatbooks@rediffmail.com
300 _a160पृ
_c22सेमी (अजिल्द)
700 _97228
_aमुहम्मद राशिद़
700 _97267
700 _97698
942 _adpl
_cHN
_k
_2ddc
_mरज़ीअ
_h230
999 _c40263
_d40263